000 00957nam a2200277 i 4500
001 7737
003 KOSZ 005
005 20260311063437.0
008 720505s1972 pl f f |000 0 pol
040 _cKOSZ 005
_aKOSZ 005
_dKOSZ 005/HR
041 _apol
046 _k1972
080 _a53
080 _a(075.8+076)
100 1 _aBieńkowski, Cezary
_eAutor
245 1 0 _aĆwiczenia laboratoryjne z fizyki /
_cC. Bieńkowski, J. Ignaciuk, St. Klimczyk.
260 _aKoszalin :
_bWSI,
_c1972.
650 4 _aFizyka
655 4 _aĆwiczenia i zadania dla szkół wyższych
658 _aFizyka i astronomia
700 1 _aKlimczyk, Stanisław.
_eAutor
700 1 _aIgnaciuk, Jerzy.
_eAutor
710 2 _aWydawnictwo Uczelniane (Wyższa Szkoła Inżynierska ; Koszalin)
_4pbl.
856 _uhttp://koha.tu.koszalin.pl/cgi-bin/koha/opac-detail.pl?biblionumber=7737
_yKatalog online BPK
942 _cKS
_2UKD
999 _c7737
_d7737